1414 1790 1760 1350 1987 1372 1612 1716 1947 1897 1885 1640 1246 1676 1158 1609 1478 1424 1555 1336 1319 1481 1722 1831 1094 1124 1269 1439 1308 1272 1256 1038 1279 1973 1236 1375 1016 1486 1054 1405 1043 1127 1294 1828 1683 1067 1981 1673 1568 1094 1954 1359 1326 1707 1161 1529 1641 1517 1223 1537 1444 1845 1710 1686 1163 1082 1249 1085 1286 1956 1904 1652 1141 1480 1513 1271 1621 1383 1634 1609 1849 1913 1132 1674 1790 1867 1114 1237 1687 1620 1734 1156 1006 1687 1608 1437 1988 1554 1347 BCNSPRNW ULIB Ver.6.0+V

เปลี่ยนเป็นภาษาไทย

Change to English
 แสดงรายละเอียดบรรณานุกรม
  กลับหน้าหลัก

Brief Record : Get Marc (ISO 2709) : E-mail record : QR code < ปิดหน้าต่าง
LEADER : 00000nam 2200000uu 4500
001    13399123686
003     ULIB
008    141105s2556||||th 000 0 tha d
020    ^a9786167287911
050  4 ^aPE1127.M4^bอ756ภ
100 0  ^aอิศรางค์ นุชประยูร
245 10 ^a"ภาษาหมอ" พูดอย่างไรฝรั่งจึงจะฟังรู้เรื่อง /^cอิศรางค์ นุชประยูร ; บรรณาธิการ, ชิษณุ พันธุ์เจริญ
260    ^aกรุงเทพฯ :^bศูนย์ฝึกอบรมทักษะการสื่อสาร ฝ่ายกุมารเวชศาสตร์ โรงพยาบาลจุฬาลงกรณ์,^c2556
300    ^a152 หน้า ;^c19 ซม.
650  4 ^aภาษาอังกฤษ^xการใช้ภาษา
650  4 ^aภาษาอังกฤษ^xการอ่าน
650  4 ^aภาษาอังกฤษ^xการออกเสียง
650  4 ^aภาษาอังกฤษ^xคำศัพท์
650  4 ^aการแพทย์^xคำศัพท์
650  4 ^aการสื่อสารทางการแพทย์
700 0  ^aชิษณุ พันธุ์เจริญ,^eบรรณาธิการ
710 2  ^aโรงพยาบาลจุฬาลงกรณ์. ^bฝ่ายกุมารเวชศาสตร์. ^bศูนย์ฝึกอบรมทักษะการสื่อสาร
945    ^p160^l0^i036785
945    ^p160^l0^i036786
945    ^p160^l0^i036787
945    ^p160^l0^i036788
945    ^p160^l0^i036789
945    ^p160^l0^i036790
945    ^p160^l0^i036791
945    ^p160^l0^i036792
999    ^aเกษร โพธิ์สุวรรณ
รายการนี้ยังไม่มีแท็ก
คุณยังไม่ได้ล็อกอิน คุณสามารถมีกิจกรรมร่วมกับเว็บไซต์ได้ แต่ต้องล็อกอินก่อน ::
  ล็อกอิน

รายการสื่อสารสนเทศ

ลำดับที่ ประเภท เลขเรียก/บาร์โค้ด สถานที่ สถานะ
1. การศึกษาทั่วไป
หนังสือสำรอง
สถานะ=หนังสือสำรอง
PE1127.M4 อ756ภ ฉ.1 
  Barcode: 036785
ห้องสมุดวิทยาเขตสวรรค์ประชารักษ์
►หนังสือทั่วไป
บนชั้น
2. การศึกษาทั่วไป
การศึกษาทั่วไป
PE1127.M4 อ756ภ ฉ.2 
  Barcode: 036786
ห้องสมุดวิทยาเขตสวรรค์ประชารักษ์
►หนังสือทั่วไป
บนชั้น
3. การศึกษาทั่วไป
การศึกษาทั่วไป
PE1127.M4 อ756ภ ฉ.3 
  Barcode: 036787
ห้องสมุดวิทยาเขตสวรรค์ประชารักษ์
►หนังสือทั่วไป
บนชั้น
4. การศึกษาทั่วไป
การศึกษาทั่วไป
PE1127.M4 อ756ภ ฉ.4 
  Barcode: 036788
ห้องสมุดวิทยาเขตสวรรค์ประชารักษ์
►หนังสือทั่วไป
บนชั้น
5. การศึกษาทั่วไป
การศึกษาทั่วไป
PE1127.M4 อ756ภ ฉ.5 
  Barcode: 036789
ห้องสมุดวิทยาเขตสวรรค์ประชารักษ์
►หนังสือทั่วไป
บนชั้น
6. การศึกษาทั่วไป
การศึกษาทั่วไป
PE1127.M4 อ756ภ ฉ.6 
  Barcode: 036790
ห้องสมุดวิทยาเขตสวรรค์ประชารักษ์
►หนังสือทั่วไป
บนชั้น
7. การศึกษาทั่วไป
การศึกษาทั่วไป
PE1127.M4 อ756ภ ฉ.7 
  Barcode: 036791
ห้องสมุดวิทยาเขตสวรรค์ประชารักษ์
►หนังสือทั่วไป
บนชั้น
8. การศึกษาทั่วไป
การศึกษาทั่วไป
PE1127.M4 อ756ภ ฉ.8 
  Barcode: 036792
ห้องสมุดวิทยาเขตสวรรค์ประชารักษ์
►หนังสือทั่วไป
บนชั้น

รายการใกล้เคียง
    ผู้แต่ง [อิศรางค์ นุชประยูร]

    หัวเรื่อง [ภาษาอังกฤษ การใช้ภาษา]
    หัวเรื่อง [ภาษาอังกฤษ คำศัพท์]
    หัวเรื่อง [การสื่อสารทางการแพทย์]

BibComment


ยังไม่เคยถูกคอมเมนท์

คอมเมนท์ทรัพยากรรายการนี้
  คอมเมนท์: ภาษาหมอ พูดอย่าง..


 Copyright 2026. Bcnsprnw @Library